000 01459nam a22003017a 4500
005 20080918163843.0
008 080918t xxu||||| |||| 00| 0 hin d
010 _aHIN-92649
020 _a9788188494620
_c200.00
035 _aHN-64995
037 _bDBAD / PUB
040 _aDPL
_bHN
082 _a
100 _9747
_aरामनिवास 'पन्थी'
245 _aराज मुकुटः
_cरामनिवास 'पन्थी'
_bभार शिव क्षत्रियों का गवेषणापूर्ण इतिहास /
260 _aइलाहाबाद
_bउमेश प्रकाशन
_c2010
270 _a100, लूकरगंज
_bइलाहाबाद
_e110032
300 _a128पृ.
_c22सेमी (सजिल्द)
650 _9697
_aहिन्दी कथा साहित्य
650 _9698
_aHindi Novel
700 _927881
700 _927882
700 _927883
942 _2ddc
_cHN
_mरामनि
_h
999 _c52276
_d52276